Hvězdy nad Roupkovem : humoristický román /

Hlavní autor: Žák, Jaroslav, 1906-1960
Další autoři: Soukup, František, 1903-1994
Jazyk: Čeština
Vydáno: Praha : Melantrich, 1941
Externí odkaz: Digitalizovaný dokument
Fyzický popis: 234, [ii] s. ; 8°
Knihy
Uloženo v:
LEADER 00887nam a22002412a 4500
001 000867087
003 CZ BrMZK
005 20090528124040.0
007 ta
008 070921s1941 xr er|||||||||||cze d
015 |a cnb000809967 
035 |a (OCoLC)84010046 
040 |a ABA001  |b cze  |c OLA001  |d ABA001 
100 1 |a Žák, Jaroslav,  |d 1906-1960  |7 jk01152975  |4 aut 
245 1 0 |a Hvězdy nad Roupkovem :  |b humoristický román /  |c Jaroslav Žák a František Sup 
260 |a Praha :  |b Melantrich,  |c 1941 
300 |a 234, [ii] s. ;  |c 8° 
700 1 |a Soukup, František,  |d 1903-1994  |7 jk01120524  |4 aut 
856 4 1 |u http://www.digitalniknihovna.cz/mzk/uuid/uuid:5a644b90-81df-11e4-9d8c-005056827e51  |y Digitalizovaný dokument  |x NDK 
910 |a BOA001  |b 1-0899.402 
990 |a BK 
991 |b 200709 
996 6 |b 2619595677  |c 1-0899.402  |l MZK  |r Sklad / do 1 hodiny  |n 0  |w 000867087  |u 000010  |a 1  |e BOA001  |j MZK50  |s P